000 00579nam a2200205Ia 4500
003 IN-BaIIA
008 211028s9999 xx 000 0 eng d
020 _a978-3-319-09893-7
040 _cIIA Library
080 _a524.4
_bFIN
100 _aSengupta, Sujan
_936211
245 0 _aWorlds beyond our own
_bthe search for habitable planets
_cSujan Sengupta
260 _aSwitzerland
_bSpringer
_c2015
300 _axvi, 154p.
490 _aAstronomers' universe
650 _aAstronomy
_980
650 _aExobiology
_920584
650 _aHabitable planets
_931559
942 _cBK
999 _c18968
_d18968